000 03841nab a2200349 i 4500
003 BR-BrBNA
005 20251211153654.0
008 251211b2020 bl.|r|pooa||| 00| 0 eng |
040 _aBR-BrBNA
_beng
072 _aH20
_b1060
072 _aP33
100 _aAndrade, Daniel Júnior de
100 _aPattaro, Fernando César
100 _aCruz, Mara Cristina Pessôa da
100 _aMorais, Matheus Rovere de
100 _aMelville, Cirano Cruz
100 _aOliveira, Carlos Amadeu Leite de
245 _aManagement of citrus leprosis using lime sulphur and their implications to soil and plant properties
500 _a Publicação online; 32 ref.; 4 tables; Summaries (En, Pt)
520 _a Abstract - Lime sulphur is used worldwide in agriculture to control pests and diseases. Our objective was to determine the effect of lime sulphur applications in an orange orchard on soil chemical properties and foliar nutrients after seven years of use to control B. yothersi. Soil and leaf samples were collected in two consecutive years for determination of soil chemical properties and nutritional analysis, respectively. We also assessed severity of citrus leprosis and productivity of plants. The applications of lime sulphur reduced pH values in CaCl2 and increased levels of S-SO42- in subsurface soil layer. Plants treated with lime sulphur had the highest leaf concentrations of Ca and S and of the micronutrients B, Cu, Mn e Zn. On the other hand, lime sulphur was able to reduce severity of citrus leprosis and had a positive effect on citrus productivity. The use of lime sulfur must be moderate, as the excessive use of this pesticide can cause imbalances in soil and plants, affecting the quality of food produced and causing negative impacts on the environment. Index Terms: Brevipalpus yothersi, Citrus leprosis virus (CiLV), Citrus sinensis, Calcium polysulfide, Sulphur
520 _a Resumo - A calda sulfocálcica é mundialmente utilizada na agricultura para controle de pragas e doenças. O estudo objetivou avaliar o efeito de aplicações de calda sulfocálcica em um pomar de laranja sobre as propriedades químicas do solo e nutrientes foliares após sete anos do uso para controle de B. yothersi. Amostras de solo e de folhas foram coletadas em dois anos consecutivos para a determinação das propriedades químicas do solo e análise nutricional, respectivamente. Além disso, avaliaram-se a severidade da leprose dos citros e a produtividade das plantas. As aplicações de calda sulfocálcica causaram redução nos valores de pH em CaCl2 e aumentaram os teores de S-SO42- em camadas subsuperficiais do solo. Plantas tratadas com calda sulfocálcica apresentaram maiores concentrações de Ca e S e dos micronutrientes B, Cu, Mn e Zn. Por outro lado, a calda sulfocálcica foi capaz de reduzir a severidade da leprose e apresentou efeito positivo sobre a produtividade. O uso de calda sulfocálcica deve ser moderado, uma vez que o uso excessivo deste agrotóxico pode causar desequilíbrios no solo e nas plantas, afetando a qualidade dos alimentos produzidos e causando impactos negativos ao ambiente. Termos para indexação: Brevipalpus yothersi, Citrus leprosis virus (CiLV), Citrus sinensis, Polissulfeto de cálcio, Enxofre.
650 _aCITRICULTURA
650 _aLARANJA
650 _aDOENÇA DE PLANTA
650 _aLEPROSE
650 _aSOLO
650 _aPROPRIEDADE FÍSICO-QUÍMICA
773 0 _0805
_9317047
_dJaboticabal-SP Sociedade Brasileira de Fruticultura 1978
_o2024-3609
_tRevista Brasileira de Fruticultura (Brazil)
_x0100-2945
_gv. 42(4) p. 1-9; (2020)
_wBR2025005205
856 _uhttps://www.scielo.br/j/rbf/a/hzSmsgdHppFpP5mhthX7Mxr/?format=pdf&lang=en
942 _cANA
999 _c339421
_d339421